01852 2200265 4500001002100000005001500021035002000036245006400056100001800120300002500138700002300163700004100186260004500227082000800272084001400280020002200294650002100316520103500337008004101372500009701413990001901510990001901529990001901548990001901567INLIS00000000001467920250414112916 a0010-04250000081 aSetiap hari stoik :b366 renungan untuk menjalani kehidupan0 aHoliday, Ryan axx, 483 hlm.; 20 cm.0 aHanselman, Stephen0 aRani Rachmani Moediarta (Penerjemah) aJakarta :bGramedia Pustaka Utama,c2022 a188 a188 HOL s a978-602-06-5692-2 aStoik (Filsafat) aDi mana kita dapat menemukan sukacita? Apa ukuran keberhasilan yang sebenarnya? Bagaimana seharusnya kita mengeIola amarah? Menemukan makna? Menaklukkan kesedihan? Buku Setiap Hari Stoik: 366 Renungan Untuk Menjalani Kehidupan merupakan panduan latihan dalam menerapkan ajaran stoik. Tujuannya adalah untuk membantu Anda memahami tiga disiplin, yang meliputi persepsi, tindakan, dan kemauan. Selain itu, buku ini bermanfaat bagi Anda dalam menerapkan pelajaran dari masing-masing ketiga hal tersebut ke dalam hidup Anda. Buku ini berisi kalimat-kalimat bijak dan menenangkan untuk menjalani kehidupan yang tak mudah ini serta menawarkan dosis harian inspirasional dari kebijaksanaan Wasik. Setiap halaman menampilkan kutipan mendalam dari orang-orang seperti Marcus Aurelius, Seneca, atau Epictetus, serta anekdot sejarah dan komentar yang menggugah pikiran untuk membantu kita mengatasi masalah, mencapai tujuan, serta menemukan ketenangan, pengetahuan, dan ketangguhan diri yang kita butuhkan untuk mengarungi hidup.250414 e 0 ind  aJudul asli: The daily stoic : 366 meditations on wisdom, perseverance, and the art of living a024.3610/PC/24 a024.3611/PC/24 a024.3612/PC/24 a024.3613/PC/24